000 00785nam a2200241Ia 4500
003 OSt
005 20221005113212.0
006 a|||||r|||| 00| 0
007 ta
008 221004b |||||||| |||| 00| 0 pan d
020 _c120
024 _a95207
037 _b221, 01/01/2009, H.K. Prakashan
_cTextual
040 _aCRL
_cCRL
_bpan
041 _2pan
_apan
082 _aQ8441:21:g(NR), 153P5
100 _aਮਨਜੀਤ ਕੌਰ
245 0 _aਗੁਰਮਤਿ ਸੰਗੀਤ ਪਰੰਪਰਾ
260 _aਪਟਿਆਲਾ
_b21 ਸੈਨਚੂਰੀ ਭਾਰਤ
_c2005
300 _a106ਪੰ
_ccm.
942 _hQ8441:21:g(NR), 153P5
_cTEXL
_2cc
999 _c1027372
_d1027372